000 00461nam a2200157Ia 4500
008 160316s9999 xxu||||| |||| 00| 0 eng d
082 _a344.013000
_bRAN
100 _aRanjani Nrithya
245 _aRta n' Anrta order, not chaos a dance drama on child labour nurture the future with love and care
250 _a
260 _aNew Delhi
_bInternational Labour Organisation
_c0
300 _a20
_b
_c
365 _b
650 _a1. child labour
700 _a
_a
999 _c33622
_d33622